[Event "Montreal Pere Noel op"]
[Site "Montreal"]
[Date "2022.12.27"]
[Round "2"]
[White "Constantin, David"]
[Black "Rodrigue Lemieux, Shawn"]
[Result "0-1"]
[WhiteElo "2036"]
[BlackElo "2463"]
[PlyCount "102"]
[EventDate "2022.12.27"]
[EventType "swiss"]
[EventRounds "5"]
[EventCountry "CAN"]
[SourceTitle "CBM 211 Extra"]
[Source "ChessBase"]
[SourceDate "2023.01.31"]
[SourceVersion "1"]
[SourceVersionDate "2023.01.31"]
[SourceQuality "1"]

1. d4 Nf6 2. Nf3 d5 3. c4 e6 4. Nc3 Bb4 5. cxd5 exd5 6. Bg5 h6 7. Bxf6 Qxf6 8. Qa4+ Nc6 9. a3 Bxc3+ 10. bxc3 0-0 11. e3 Qg6 12. Be2 Qxg2 13. Rg1 Qh3 14. 0-0-0 Qf5 15. Rg3 Qf6 16. Rdg1 g6 17. Bd3 Bf5 18. Qc2 Bxd3 19. Qxd3 Kh8 20. Rh3 Kg7 21. Rhg3 Rae8 22. h4 Kh8 23. h5 g5 24. Nh2 Qd6 25. Ng4 Qxa3+ 26. Kd1 Re6 27. Qf5 Ne7 28. Qd3 Qa2 29. Ke1 Rb6 30. Kf1 Qb1+ 31. Qxb1 Rxb1+ 32. Ke2 Rxg1 33. Rxg1 Kg7 34. f4 f6 35. fxg5 hxg5 36. Ra1 a6 37. Kd3 f5 38. Ne5 Rh8 39. Rb1 b6 40. Rh1 a5 41. Nf3 Kf6 42. Ne5 g4 43. Ke2 Rh7 44. Kf2 Kg5 45. Kg3 Ng8 46. Kg2 Nf6 47. h6 Ne4 48. Rc1 Nd6 49. Nd3 Rxh6 50. Nf4 c6 51. Nd3 Nc4 0-1

[Event "Ouest Toulousain op-A 3rd"]
[Site "Tournefeuille"]
[Date "2008.02.26"]
[Round "2"]
[White "Fomichenko, Eduard"]
[Black "Constantin, David"]
[Result "1-0"]
[WhiteElo "2476"]
[BlackElo "2094"]
[PlyCount "124"]
[EventDate "2008.02.25"]
[EventType "swiss"]
[EventRounds "9"]
[EventCountry "FRA"]
[SourceTitle "CBM 123 Extra"]
[Source "ChessBase"]
[SourceDate "2008.05.06"]
[SourceVersion "1"]
[SourceVersionDate "2008.05.06"]
[SourceQuality "1"]

1. Nf3 d5 2. d4 Nf6 3. c4 c6 4. e3 a6 5. Qc2 e6 6. Nbd2 Nbd7 7. Bd3 c5 8. cxd5 exd5 9. 0-0 Be7 10. b3 0-0 11. Bb2 h6 12. Rfd1 b6 13. Nf1 Bb7 14. Ng3 Re8 15. Nf5 Bf8 16. Ne5 Rc8 17. Nxd7 Nxd7 18. dxc5 Ne5 19. Qe2 Nxd3 20. Rxd3 bxc5 21. f4 Rc6 22. e4 d4 23. e5 Rg6 24. Rg3 Qd5 25. Nh4 Rxg3 26. hxg3 Qe4 27. Qxe4 Bxe4 28. Rc1 f6 29. exf6 gxf6 30. Rd1 Kf7 31. Kf2 Ke6 32. Nf3 Kd5 33. g4 Bd6 34. g3 a5 35. Rd2 Bc7 36. Rd1 Bb6 37. Rh1 Rh8 38. Rh5+ Kd6 39. Nd2 Bd3 40. Nc4+ Bxc4 41. bxc4 a4 42. Ba3 Ke6 43. Bxc5 Bxc5 44. Rxc5 Rb8 45. f5+ Ke7 46. Rb5 Rxb5 47. cxb5 Kd6 48. Ke2 Kc5 49. Kd3 Kxb5 50. Kxd4 Kb4 51. Kd5 Ka3 52. Ke6 Kxa2 53. Kxf6 Kb3 54. Kg6 a3 55. f6 a2 56. f7 a1Q 57. f8Q Qa6+ 58. Kh5 Qb5+ 59. Kxh6 Qc6+ 60. Kg5 Qb5+ 61. Kh4 Qe5 62. Qf3+ Kc2 1-0

[Event "FRA-chT2S"]
[Site "France"]
[Date "2003.03.16"]
[Round "9.5"]
[White "Constantin, David"]
[Black "Ricou, Pierre"]
[Result "1/2-1/2"]
[WhiteElo "2086"]
[BlackElo "2239"]
[PlyCount "147"]
[EventDate "2002.10.??"]
[EventType "team"]
[EventRounds "11"]
[EventCountry "FRA"]
[SourceTitle "EXT 2004"]
[Source "ChessBase"]
[SourceDate "2003.11.25"]
[SourceVersion "1"]
[SourceVersionDate "2003.11.25"]
[SourceQuality "1"]

1. e4 e6 2. d4 d5 3. Nc3 Bb4 4. exd5 exd5 5. Bd3 Nc6 6. a3 Ba5 7. Nge2 Bg4 8. Be3 Nce7 9. h3 Bh5 10. b4 Bb6 11. Na4 Qd7 12. Nc5 Bxc5 13. bxc5 Nf6 14. Rb1 b6 15. Bb5 c6 16. Ba6 0-0 17. cxb6 axb6 18. Rxb6 Qc7 19. Rb7 Qa5+ 20. Bd2 Qxa6 21. Rxe7 Rfe8 22. Re3 Qc4 23. g4 Bg6 24. Rc3 Bxc2 25. Rxc2 Rxe2+ 26. Qxe2 Qxc2 27. Be3 Qb1+ 28. Qd1 Qe4 29. 0-0 Rxa3 30. Qc1 Ra8 31. Qxc6 Re8 32. Ra1 h6 33. Ra8 Rxa8 34. Qxa8+ Kh7 35. Qb8 Qf3 36. Qh2 Ne4 37. Qg2 Qf6 38. f3 Ng5 39. Kf2 Ne6 40. Qf1 g6 41. Qd3 Nf4 42. Bxf4 Qxf4 43. Kg2 h5 44. gxh5 Qg5+ 45. Kh2 Qxh5 46. Qe3 Qf5 47. Kg3 Kg7 48. Qf4 Qd7 49. Qe5+ f6 50. Qe3 Qc7+ 51. Kg2 g5 52. Qe6 Qc2+ 53. Kg3 Qc7+ 54. Kg2 Qb7 55. Qe3 Qd7 56. f4 Kg6 57. fxg5 fxg5 58. Qe5 Qf5 59. Qe8+ Qf7 60. Qe5 Qf5 61. Qe8+ Kg7 62. Qe7+ Kh6 63. Qe3 Kg6 64. Qe8+ Kg7 65. Qe7+ Kh6 66. Qe3 Qc2+ 67. Kg3 Qf5 68. Qf3 Qxf3+ 69. Kxf3 Kg6 70. Kg4 Kf6 71. Kg3 Kf5 72. Kf3 Kf6 73. Kg3 Kg6 74. Kg4 1/2-1/2

[Event "FRA-chT2S"]
[Site "France"]
[Date "2003.02.03"]
[Round "7.5"]
[White "Constantin, David"]
[Black "Bosc, Sebastien"]
[Result "1-0"]
[WhiteElo "2086"]
[BlackElo "2094"]
[PlyCount "37"]
[EventDate "2002.10.??"]
[EventType "team"]
[EventRounds "11"]
[EventCountry "FRA"]
[SourceTitle "EXT 2004"]
[Source "ChessBase"]
[SourceDate "2003.11.25"]
[SourceVersion "1"]
[SourceVersionDate "2003.11.25"]
[SourceQuality "1"]

1. e4 e5 2. Nf3 Nf6 3. Nxe5 d6 4. Nf3 Nxe4 5. Nc3 Nxc3 6. dxc3 Be7 7. Bf4 Nc6 8. Qd2 Bf5 9. 0-0-0 Qd7 10. h3 a6 11. g4 Bg6 12. Bg2 0-0-0 13. Nd4 Ne5 14. b3 h6 15. Be3 f6 16. f4 Nf7 17. f5 Bh7 18. Bd5 Bf8 19. Be6 1-0

[Event "FRA-chT2S"]
[Site "France"]
[Date "2002.11.17"]
[Round "3.5"]
[White "Constantin, David"]
[Black "Adda, Olivier"]
[Result "0-1"]
[WhiteElo "2093"]
[BlackElo "2099"]
[PlyCount "100"]
[EventDate "2002.10.??"]
[EventType "team"]
[EventRounds "11"]
[EventCountry "FRA"]
[SourceTitle "EXT 2004"]
[Source "ChessBase"]
[SourceDate "2003.11.25"]
[SourceVersion "1"]
[SourceVersionDate "2003.11.25"]
[SourceQuality "1"]

1. e4 e5 2. Nf3 Nc6 3. Bb5 a6 4. Ba4 Nf6 5. 0-0 b5 6. Bb3 Bb7 7. Re1 Bc5 8. c3 d6 9. d4 Bb6 10. a4 0-0 11. Na3 h6 12. d5 Ne7 13. Be3 Bxe3 14. Rxe3 Ng4 15. Re1 f5 16. Nd2 Kh8 17. f3 Nf6 18. axb5 fxe4 19. fxe4 axb5 20. Nxb5 c6 21. Rxa8 Bxa8 22. Na3 cxd5 23. exd5 Qb6+ 24. Kh1 Nexd5 25. Bxd5 Nxd5 26. Nac4 Qc5 27. Rf1 Nf4 28. Qg4 Bxg2+ 29. Qxg2 Nxg2 30. Rxf8+ Kh7 31. Kxg2 d5 32. Rf5 dxc4 33. Rf2 Qd5+ 34. Nf3 e4 35. Nd4 e3+ 36. Rf3 Qe4 37. Kf1 Qb1+ 38. Ke2 Qd3+ 39. Ke1 Qd2+ 40. Kf1 Qd1+ 41. Kg2 Qc1 42. Kg3 Qd2 43. h3 h5 44. Kh4 e2 45. Nxe2 Qxe2 46. Kg3 h4+ 47. Kf4 g5+ 48. Kg4 Kg6 49. b4 cxb3 50. c4 b2 0-1

[Event "FRA-ch U14"]
[Site "Montlucon"]
[Date "1997.??.??"]
[Round "4"]
[White "Wirig, Anthony"]
[Black "Constantin, David"]
[Result "0-1"]
[WhiteElo "1820"]
[BlackElo "1660"]
[PlyCount "102"]
[EventDate "1997.??.??"]
[EventType "swiss"]
[EventRounds "8"]
[EventCountry "FRA"]
[SourceTitle "EXT 2020"]
[Source "ChessBase"]
[SourceDate "2019.10.17"]
[SourceVersion "1"]
[SourceVersionDate "2019.10.17"]
[SourceQuality "1"]

1. e4 c5 2. Nf3 d6 3. Bb5+ Bd7 4. Bxd7+ Qxd7 5. 0-0 Nf6 6. Re1 Nc6 7. d4 cxd4 8. Nxd4 e6 9. c4 Be7 10. Nc3 Rc8 11. b3 0-0 12. Bb2 Rfd8 13. Qd2 d5 14. cxd5 exd5 15. exd5 Nxd5 16. Nxc6 bxc6 17. Nxd5 cxd5 18. Rad1 h6 19. h3 Bc5 20. Re5 d4 21. Re4 d3 22. Rg4 Bf8 23. Rd4 Qxd4 24. Bxd4 Rxd4 25. Qe3 Rcd8 26. Kh2 d2 27. g3 a5 28. h4 Bb4 29. f4 R4d7 30. Qb6 Re8 31. Kh3 Re1 32. Rxd2 Rxd2 33. Kg4 Rd3 34. a3 Bc3 35. Qc5 g6 36. Qc8+ Kg7 37. f5 h5+ 38. Kh3 Re2 39. Qc4 Ree3 40. fxg6 Rxg3+ 41. Kh2 Rh3+ 42. Kg2 Rdg3+ 43. Kf2 Rxg6 44. Qd5 Rxh4 45. Kf3 Rh3+ 46. Ke2 h4 47. b4 axb4 48. axb4 Rhg3 49. b5 h3 50. Kf2 Rg2+ 51. Ke3 h2 0-1